<?xml version="1.0" encoding="UTF-8"?>
<record
    xmlns:xsi="http://www.w3.org/2001/XMLSchema-instance"
    xsi:schemaLocation="http://www.loc.gov/MARC21/slim http://www.loc.gov/standards/marcxml/schema/MARC21slim.xsd"
    xmlns="http://www.loc.gov/MARC21/slim">

  <leader>01020nam a22002417a 4500</leader>
  <controlfield tag="005">20260423161050.0</controlfield>
  <controlfield tag="008">260423b        |||||||| |||| 00| 0 eng d</controlfield>
  <datafield tag="020" ind1=" " ind2=" ">
    <subfield code="a">9789393842596 (pbk)</subfield>
  </datafield>
  <datafield tag="037" ind1=" " ind2=" ">
    <subfield code="c">TB</subfield>
  </datafield>
  <datafield tag="040" ind1=" " ind2=" ">
    <subfield code="a">CRL</subfield>
    <subfield code="c">CRL</subfield>
  </datafield>
  <datafield tag="041" ind1=" " ind2=" ">
    <subfield code="2">hin </subfield>
    <subfield code="a">hin </subfield>
  </datafield>
  <datafield tag="084" ind1=" " ind2=" ">
    <subfield code="a">O152,1N47x R5</subfield>
    <subfield code="q">CRL</subfield>
  </datafield>
  <datafield tag="100" ind1=" " ind2=" ">
    <subfield code="a">&#x938;&#x93F;&#x902;&#x939;, &#x91C;&#x932; </subfield>
    <subfield code="9">1235577</subfield>
  </datafield>
  <datafield tag="245" ind1=" " ind2=" ">
    <subfield code="a">&#x909;&#x91C;&#x93E;&#x932;&#x93E;:</subfield>
    <subfield code="b">&#x915;&#x935;&#x93F;&#x924;&#x93E;&#x90F;&#x902;, &#x917;&#x91C;&#x93C;&#x932;&#x947;&#x902;, &#x917;&#x940;&#x924;, &#x936;&#x947;&#x92F;&#x930;, &#x91A;&#x94C;&#x92A;&#x93E;&#x907;&#x92F;&#x93E;&#x901; &#x90F;&#x935;&#x902; &#x909;&#x926;&#x94D;&#x927;&#x930;&#x923;&#x947;&#x902;  </subfield>
  </datafield>
  <datafield tag="250" ind1=" " ind2=" ">
    <subfield code="a">&#x938;&#x902;&#x938;&#x94D;&#x915;&#x930;&#x923; 3 </subfield>
  </datafield>
  <datafield tag="260" ind1=" " ind2=" ">
    <subfield code="a">&#x92A;&#x91F;&#x93F;&#x92F;&#x93E;&#x932;&#x93E;, &#x92D;&#x93E;&#x930;&#x924;: </subfield>
    <subfield code="b">&#x91C;&#x94B;&#x939;&#x93E;&#x930; &#x92A;&#x92C;&#x94D;&#x932;&#x93F;&#x915;&#x947;&#x936;&#x928;&#x94D;&#x938;, </subfield>
    <subfield code="c">2025. </subfield>
  </datafield>
  <datafield tag="300" ind1=" " ind2=" ">
    <subfield code="a">197&#x92A;&#x943;. </subfield>
  </datafield>
  <datafield tag="365" ind1=" " ind2=" ">
    <subfield code="b">200.00 </subfield>
    <subfield code="c">INR </subfield>
  </datafield>
  <datafield tag="650" ind1=" " ind2=" ">
    <subfield code="a">&#x939;&#x93F;&#x928;&#x94D;&#x926;&#x940; &#x915;&#x935;&#x93F;&#x924;&#x93E; </subfield>
  </datafield>
  <datafield tag="650" ind1=" " ind2=" ">
    <subfield code="a">&#x939;&#x93F;&#x928;&#x94D;&#x926;&#x940; &#x938;&#x93E;&#x939;&#x93F;&#x924;&#x94D;&#x92F; </subfield>
  </datafield>
  <datafield tag="942" ind1=" " ind2=" ">
    <subfield code="2">CC</subfield>
    <subfield code="n">0</subfield>
    <subfield code="c">TB</subfield>
    <subfield code="e">&#x938;&#x902;&#x938;&#x94D;&#x915;&#x930;&#x923; 3 </subfield>
    <subfield code="h"> O152,1N47x R5</subfield>
  </datafield>
  <datafield tag="999" ind1=" " ind2=" ">
    <subfield code="c">1848456</subfield>
    <subfield code="d">1848456</subfield>
  </datafield>
  <datafield tag="952" ind1=" " ind2=" ">
    <subfield code="0">0</subfield>
    <subfield code="1">0</subfield>
    <subfield code="2">CC</subfield>
    <subfield code="4">0</subfield>
    <subfield code="7">0</subfield>
    <subfield code="a">CRL</subfield>
    <subfield code="b">CRL</subfield>
    <subfield code="d">2026-04-23</subfield>
    <subfield code="e">&#x935;&#x940;. &#x938;&#x940;. &#x911;&#x92B;&#x93F;&#x938; </subfield>
    <subfield code="g">200.00</subfield>
    <subfield code="i">&#x917;&#x93F;&#x92B;&#x94D;&#x91F; </subfield>
    <subfield code="l">0</subfield>
    <subfield code="o"> O152,1N47x R5</subfield>
    <subfield code="p">CL1700236</subfield>
    <subfield code="r">2026-04-23 16:11:33</subfield>
    <subfield code="w">2026-04-23</subfield>
    <subfield code="y">TB</subfield>
  </datafield>
</record>
